| 000 | 00576ntaaa2200205 4500 | ||
|---|---|---|---|
| 003 | 01 | ||
| 005 | 20251027202236.0 | ||
| 008 | 0714s1973 ag 01 | ||
| 040 |
_aAR-BaBN _bspa _cAR-BaBN _eaacr _dRIC |
||
| 082 | _a268.1300 C15m | ||
| 245 | _aMaterial didáctico para la enseñanza de primarips | ||
| 250 | _a1 ed. | ||
| 260 |
_aEl Paso : _bCasa Bautista de Publicaciones, _c1974 |
||
| 300 | _a31 p | ||
| 500 | _aEj. 1 (32504) libro perdido y pagado 8/77 | ||
| 650 |
_aprimarios _99174 |
||
| 700 |
_aCampbell, Villa _920869 |
||
| 700 |
_aCapshaw, J.A. _920870 |
||
| 942 | _cBK | ||
| 999 |
_c17252 _d17252 |
||